000 00549cam a2200193ua 4500
001 6677
008 140308n ii |||gr||||Z||||||eng
020 _a978-81-7213-143-2
040 _cMAIN
082 _a338.04
245 _aEntrepreneurship development in the North-East India
260 _aGuwahati:
_bPurbanchal prakash,
_c2012.
300 _ax,230p.
653 _aProduction
653 _aEntrepreneurship development in the North-East India
700 _aPhookan,Ranjan kumar,
_eEditor.,
700 _aBaruah, Ramen,
_eEditor.
942 _cBK
999 _c5826
_d5826